特色地名用字——植物专辑 - Statistics

General Stats
  • This quiz has been taken 39 times
    38 since last reset
  • The average score is 3 of 19
Answer Stats
字词 频率/% 省份 % Correct
3.23/2.08 西藏/青海
78%
0.89/0.44 香港/江西
62%
0.3/0.2 香港/广东
38%
0.79 湖南
24%
0.28/0.25 吉林/黑龙江
22%
0.72 吉林
16%
0.84 甘肃
14%
杨树 0.4 河北
14%
0.4 广东
14%
0.35 湖南
14%
0.3/0.22 香港/福建
11%
0.71/0.7 重庆/四川
8%
0.57/0.52 江西/湖南
8%
0.23/0.18 海南/广东
8%
0.06/0.06 广东/海南
8%
0.43 吉林
5%
0.26 云南
5%
0.53 宁夏
0%
0.42 重庆
0%
No matching quizzes found
Score Distribution
Percent of People with Each Score
Percentile by Number Answered
Your Score History
You have not taken this quiz since the last reset